Statistics for Top 20 Manchester City Goalscorers in the Premier Leauge

Click here to take the quiz!

General Stats

  • This quiz has been taken 87 times
  • The average score is 13 of 20

Answer Stats

NPlayerNationalityGoals% Correct
7Erling HaalandNorwegian50
100%
2Kevin de BruyneBelgian64
99%
1Sergio AgueroArgentinian184
99%
4David SilvaSpanish60
92%
10Riyad MahrezAlgerian43
91%
3Yaya TouréIvorian62
91%
13Bernardo SilvaPortuguese36
89%
9Ilkay GundoganGerman44
87%
7Edin DzekoBosnian50
84%
11Phil FodenEnglish39
80%
6Gabriel JesusBrazilian58
75%
5Carlos TevezArgentinian58
70%
17Leroy SanéGerman25
59%
19Mario BalotelliItalian20
59%
19FernandinhoBrazilian20
51%
12Nicolas AnelkaFrench37
28%
14Niall QuinnIrish29
11%
16Shaun Wright-PhillipsEnglish27
8%
18Robbie FowlerEnglish21
7%
14Uwe RosterGerman29
0%

Score Distribution

Percentile by Number Answered

Percent of People with Each Score

Your Score History

You have not taken this quiz